Phylogénie : Les Cervidae - difficile - Statistiques

Statistiques générales
  • Ce quiz a été pris 9 fois
  • Le résultat moyen est 5 sur 43
Statistiques - réponses
Sous-famille Genre Nom scientifique Espèce % Correct
Cervinae Cervus Cervus elaphus Cerf élaphe
86%
Cervinae Dama Dama dama Daim
86%
Capreolinae Alces Alces alces Elan / Orignal
71%
Capreolinae Rangifer Rangifer tarandus Renne / Caribou
57%
Cervinae Axis Axis axis Cerf axis
43%
Cervinae Elaphurus Elaphurus davidianus Cerf du père David
43%
Capreolinae Capreolus Capreolus capreolus Chevreuil européen
43%
Cervinae Cervus Cervus canadensis Wapiti
29%
Capreolinae Blastocerus Blastocerus dichotomus Cerf des marais
14%
Capreolinae Odocoileus Odocoileus virginianus Cerf de Virginie
14%
Cervinae Cervus Cervus nippon Cerf sika
14%
Cervinae Muntiacus Muntiacus reevesi Muntjac de Reeves
14%
Cervinae Muntiacus Muntiacus atherodes Muntjac jaune de Bornéo
14%
Cervinae Cervus Cervus (Rucervus) duvaucelii Barasinga
0%
Cervinae Axis Axis calamianensis Cerf Calamian
0%
Cervinae Axis Axis porcinus Cerf cochon
0%
Capreolinae Hydropotes Hydropotes inermis Cerf d'eau de Chine
0%
Cervinae Axis Axis kuhlii Cerf de Bawean
0%
Cervinae Cervus Cervus (Rucervus) eldi Cerf d'Eld
0%
Capreolinae Ozotoceros Ozotoceros bezoarticus Cerf des pampas
0%
Cervinae Cervus Cervus mariannus Cerf des Philippines
0%
Cervinae Elaphodus Elaphodus cephalophus Cerf huppé
0%
Capreolinae Odocoileus Odocoileus hemionus Cerf mulet
0%
Capreolinae Capreolus Capreolus pygargus Chevreuil de Sibérie
0%
Capreolinae Mazama Mazama pandora Daguet brun du Yucatan
0%
Capreolinae Mazama Mazama gouazoubira Daguet gris
0%
Capreolinae Mazama Mazama chunyi Daguet nain
0%
Capreolinae Mazama Mazama americana Daguet rouge
0%
Capreolinae Mazama Mazama rufina Daguet roux
0%
Cervinae Dama Dama mesopotamica Daim persan
0%
Capreolinae Hippocamelus Hippocamelus bisulcus, Huemul / güemal
0%
Capreolinae Mazama Mazama nana Mazame nain
0%
Capreolinae Mazama Mazama bricenii Mazame nain gris
0%
Cervinae Muntiacus Muntiacus feae Muntjac de Fea
0%
Cervinae Muntiacus Muntiacus gongshanensis Muntjac de Gongshan
0%
Cervinae Muntiacus Muntiacus putaoensis Muntjac de Putao
0%
Cervinae Muntiacus Muntiacus truongsonensis Muntjac de Truong Son
0%
Cervinae Muntiacus Muntiacus vuquangensis Muntjac géant
0%
Cervinae Muntiacus Muntiacus muntjak Muntjac indien
0%
Cervinae Muntiacus Muntiacus crinifrons Muntjac noir
0%
Capreolinae Pudu Pudu mephistophiles Pudu du Nord
0%
Capreolinae Pudu Pudu puda Pudu du Sud
0%
Capreolinae Hippocamelus Hippocamelus antisensis Taruca / cerf andin
0%
Aucun quiz correspondant
Distribution des résultats
% des personnes avec chaque résultat
Percentile par nombre de réponses
Votre historique - résultats
Vous n’avez pas pris ce quiz